| 000 | 00560nam a2200229Ia 4500 | ||
|---|---|---|---|
| 003 | OSt | ||
| 005 | 20220912144336.0 | ||
| 006 | a|||||r|||| 00| 0 | ||
| 007 | ta | ||
| 008 | 220909b |||||||| |||| 00| 0 eng d | ||
| 020 | _aSL0383759 | ||
| 024 | _a190992 | ||
| 037 | _cTextual | ||
| 040 |
_aCSL _beng _cCSL |
||
| 041 | _aeng | ||
| 082 | _ay172:1:12:26191:N0, D7;L5 | ||
| 100 | _aGurdon pr | ||
| 245 | 0 | _aTHE KHASIS | |
| 700 | _aGurdon pr | ||
| 942 |
_hy172:1:12:26191:N0, D7;L5 _cTEXL _2CC |
||
| 999 |
_c5449 _d5449 |
||